000 004680000a22000970004500
100 1 _aCaballero, Antonio (1945- )
245 1 0 _aCuatro siglos de paradoja : Hace 450 años sólo eran seis. Hoy, los jesuitas son más de treinta mil, de China a la Patagonia. Editan un millar de periódicos, tienen más de ocho mil misiones y están en las academias, hospitales y cárceles
300 _aVol. 96, Num. 96 (Abril, 1995), PáginaS 44-46
773 0 _tCambio 16
942 _cANA
999 _c58664
_d58664